000 00574nam a22002297a 4500
003 OSt
005 20140310183001.0
008 130208t xxu||||| |||| 00| 0 eng d
020 _a971085299
050 _aLB 1775
_b.R529 2005
082 _b
100 _aRivera, Filomena V.
245 _aToward effective teaching. /
_cRivera, Filomena V.
260 _aQuezon City :
_b Golden Art Printing Corporation,
_c2005.
300 _a216 p. :
_c22 cm.
521 _aEDU
562 _e3
942 _2lcc
_cBK
_kLOC
999 _c18121
_d18121